Capital Cities close to 2 Capital Cities - Statistics

General Stats
  • This quiz has been taken 35 times
  • The average score is 11 of 20
Answer Stats
CAPITAL CITY % Correct
Bratislava
86%
Vienna
83%
Budapest
79%
Brussels
72%
Podgorica
66%
Pristina
62%
Sarajevo
62%
Skopje
59%
Tirana
59%
Amman
52%
Saint George's
48%
Bridgetown
45%
Castries
45%
Kingstown
45%
Lome
45%
Saint John's
45%
Damascus
38%
Sofia
38%
Roseau
31%
Banjul
28%
No matching quizzes found
Score Distribution
Percent of People with Each Score
Percentile by Number Answered
Your Score History
You have not taken this quiz